000 00600nam a22002057a 4500
999 _c2952
_d2952
003 AR-CdUCM
008 190305b ||||| |||| 00| 0 spa d
040 _aMUNICIPALIDAD PROVINCIAL DEL CUSCO
_cBIBLIOTECA MUNICIPAL DEL CUSCO
082 _a869.624 /
_bES93
100 _aEstupiñán Bass, Nelson
_910119
245 _aCuando los guayacanes florecían /
260 _aGuayaquil :
_bAriel,
_c1973.
300 _a143 páginas ;
_c18 cm.
440 _aAriel Universal
_910120
650 _aNovela
_95
650 _aEcuador
_910121
650 _aLiteratura
_983
942 _2ddc
_cLIBROS
945 _admma